000 00482nam a22001577a 4500
003 macl
005 20200707131740.0
008 200707b xxu||||| |||| 00| 0 eng d
040 _cmacl
082 _a920/KUM
100 _aकुमार , राजेन्‍द्र
_961071
245 _aदेश के अमर शहीद
260 _aदिल्‍ली
_bप्रदीप प्रकाशन
_c2019
650 _aजीवनी
_97943
942 _2ddc
_cHIN
999 _c62570
_d62570